000 00964cam a2200289 a 4500
001 17059365
005 20170105102853.0
008 111128s2012 enk b 001 0 eng
010 _a 2011047108
020 _a9780415603607 (hardback)
020 _a9780203834596 (ebook)
040 _aDLC
_cDLC
_dDLC
042 _apcc
050 0 0 _aHQ1170
_b.B367 2012
082 0 0 _a305.4869
_223
100 1 _aBassel, Leah,
_d1976-
245 1 0 _aRefugee women :
_bbeyond gender versus culture /
_cLeah Bassel.
260 _aLondon ;
_aNew York :
_bRoutledge,
_c2012.
300 _axix, 209 p. ;
_c24 cm.
490 0 _aRoutledge advances in sociology ;
_v71
504 _aIncludes bibliographical references (p. [180]-202) and index.
650 0 _aMuslim women.
650 0 _aWomen refugees.
906 _a7
_bcbc
_corignew
_d1
_eecip
_f20
_gy-gencatlg
942 _2ddc
_cBK
999 _c14343
_d14343